000 00514nam a2200205Ia 4500
999 _c43096
_d43096
003 0100
005 20170803123824.0
008 130303s9999 xx 000 0 und d
040 _cARRUPELIB
050 _aB858.B4 1963
100 _aBentley, John E
_934575
245 3 _aAn outline of American Philosophy
260 _bLittlefield, Adams Co.
_aNew Jersey
_c1963
300 _a208p.
300 _b 19cm
650 _aPHILOSOPHY
_934576
942 _2lcc
_cMONOGRAPH